Insurance its principles and practice in Japan

Gorde:
Xehetasun bibliografikoak
Egile nagusia: Niwata, Noriaki
Formatua: Liburua
Hizkuntza:Undetermined
Argitaratua: Tokyo 1978
Gaiak:
Etiketak: Etiketa erantsi
Etiketarik gabe, Izan zaitez lehena erregistro honi etiketa jartzen!
Thư viện lưu trữ: Trung tâm Học liệu Trường Đại học Cần Thơ
LEADER 00467nam a2200181Ia 4500
001 CTU_97361
008 210402s9999 xx 000 0 und d
082 |a 382 
082 |b N735 
100 |a Niwata, Noriaki 
245 0 |a Insurance its principles and practice in Japan 
245 0 |c Noriaki Niwata 
260 |a Tokyo 
260 |c 1978 
650 |a Commerce 
650 |z Japan 
904 |i Tuyến 
980 |a Trung tâm Học liệu Trường Đại học Cần Thơ